000 01301nam a2200349 i 4500
001 196521
003 ES-MaACL
005 20241013063049.0
007 ta
008 241004b1959 sp ||||| |||| 00| 0 spa d
017 _aM.3276-1958
040 _bspa
_cES-MaACL
_dES-MaACL
245 _aPoesía española /
_cFernando Allue y Morer; Angela Asensio; Fernando de Benito ... et al.
260 _aMadrid :
_bAteneo de Madrid,
_c1959
300 _a32 p.;
_c30 cm
336 _2rdacontent
_atexto
337 _2rdamedia
_asin mediación
338 _2rdacarrier
_avolumen
490 1 _aColección "Poesía española"
_vII época, n.83
655 7 _2tgfbne
_9176539
_aPoesías
700 1 _955029
_aGarcía Nieto, José,
_d1914-2001
_edrt
700 0 _920062
_aAllué y Morer, Fernando
_eaut
700 0 _923578
_aAsensio, Angela
_eaut
700 0 _927696
_aBenito y de Pena, Fernando de
_eaut
830 _aColección "Poesía española"
_nII época, n.83
_9239134
852 _aES-MaACL
_cDEPOF
_jFOLL-BUE-21
_hLegado: Antonio Buero Vallejo
_9204234
903 _932421
_aBuero Vallejo, Antonio,
_q1
_d1916-2000
_ednr
942 _n0
_cFOLLETOS
999 _c196521
_d196521